000 01630nam0a2200421 4500
001 RU\NLR\BIBL_A\012882033
005 20221011182007.0
010 _a978-5-04-159803-7
_94080
021 _aRU
_bАЛ-П-22-00468и
_9АЛ-П-22-0093
035 _a(NLR Aleph) 012882033
090 _a12523089
_c12523089
100 _a20220905d2022 u y0rusy50 ca
101 1 _arus
_ceng
102 _aRU
105 _aa t 000ay
181 0 _ab3
_bab2e
181 0 _ai1
_bab2e
182 0 _an
200 1 _aИстория Вселенной Marvel
_e[комикс]
_fМарк Уэйд, Хавьер Родригес и Альваро Лопес
_gперевод с английского: Руслан Хубиев
_g[рисунок: Хавьер Родригес]
_gMARVEL
203 _aТекст
_aИзображение
_bвизуальные
_cнепосредственные
210 _aМосква
_cЭксмо
_d2022
215 _a[231] с.
_cцв. ил.
_d29
225 1 _aЗолотая коллекция Marvel
300 _aОписано по обл.
333 _a18+
333 _a18+
686 0 _aЩ153(7США)65-475
686 1 _aШ6(7США)67-440.4комикс{Лх1979-50комикс}
701 1 _aХубиев
_bР.
_gРуслан
701 1 _aРодригес
_bХ.
_gХавьер
701 1 _7ca
_8rus
_aУэйд
_bМ.
_f1962-
_gМарк
_9158829
_3RU\NLR\AUTH\770158870
702 1 _aРодригес
_bХ.
_gХавьер
_4040
942 _cBOOK
980 _aNB